000 00286nam a22001217a 4500
020 _a9788192668970
082 _a631.4.
_bARV/HA
100 _aAravind Kumar Singh
_91003
245 _aHandbook of Soil Science
260 _aNew Delhi
_bAgrotech Press
_c2013
300 _a243
942 _cBK
999 _c14583
_d14583